[Event "4NCL Online Division 6"]
[Site "online"]
[Date "2020.09.22"]
[Round "3.81"]
[White "Lampard, Alice"]
[Black "Sarpotdar, Amogh"]
[Result "0-1"]
[WhiteElo "2005"]
[BlackElo "2020"]
[PlyCount "128"]
[EventDate "2020.09.22"]
[WhiteTeam "Wells Globetrotters"]
[BlackTeam "Stroud Middles"]

1. c4 f5 2. d4 Nf6 3. Nc3 e6 4. Nf3 d5 5. Bg5 c6 6. e3 Bd6 7. Bd3 O-O 8. O-O
Bd7 9. cxd5 exd5 10. Qc2 h6 11. Bh4 g5 12. Bg3 Bxg3 13. hxg3 Ne4 14. Ne5 Be6
15. Qe2 Nd7 16. Qh5 Rf6 17. Kh2 Qe8 18. Qxe8+ Rxe8 19. Nxd7 Bxd7 20. Rae1 g4
21. Ne2 h5 22. Nf4 Rh6 23. f3 Ng5 24. Kg1 Ne6 25. Bxf5 Nxf4 26. Bxd7 Re7 27.
exf4 Rxd7 28. Re5 Rg7 29. fxg4 Rxg4 30. Rf3 h4 31. gxh4 Rhxh4 32. g3 Rh7 33.
Rfe3 Rhg7 34. Kf2 Kh7 35. Re7 Rxg3 36. Rxg7+ Rxg7 37. Rh3+ Kg8 38. Rg3 Kf7 39.
Rxg7+ Kxg7 40. Kg3 Kf6 41. Kg4 a5 42. a3 a4 43. f5 b6 44. Kf4 c5 45. dxc5 bxc5
46. Ke3 Kxf5 47. Kd3 Ke5 48. Kc2 c4 49. Kc3 Ke4 50. Kc2 d4 51. Kd2 Kf3 52. Kd1
Ke3 53. Kc2 Ke2 54. Kc1 d3 55. Kb1 d2 56. Kc2 d1=Q+ 57. Kc3 Qd3+ 58. Kb4 Qb3+
59. Ka5 Qxb2 60. Kxa4 c3 61. Ka5 c2 62. a4 c1=Q 63. Ka6 Qc6+ 64. Ka5 Qcb6# 0-1

[Event "4NCL Online Division 6"]
[Site "online"]
[Date "2020.09.22"]
[Round "3.82"]
[White "Davis, Cameron"]
[Black "Strong, Chris M"]
[Result "1-0"]
[WhiteElo "1487"]
[BlackElo "1795"]
[PlyCount "55"]
[EventDate "2020.09.22"]
[WhiteTeam "Stroud Middles"]
[BlackTeam "Wells Globetrotters"]

1. d4 e6 2. c4 Nf6 3. Nf3 d5 4. Nc3 dxc4 5. e3 a6 6. Bxc4 b5 7. Bd3 Bb7 8. O-O
c5 9. dxc5 Bxc5 10. a4 b4 11. Ne2 O-O 12. b3 Nbd7 13. Nfd4 e5 14. Nc2 Bd5 15.
Rb1 e4 16. Bc4 Bxc4 17. bxc4 a5 18. Ncd4 Ne5 19. Nb5 Nxc4 20. Qc2 Qd3 21. Qxd3
exd3 22. Nf4 d2 23. Bb2 Ne4 24. Rfd1 Nxe3 25. fxe3 Bxe3+ 26. Kf1 Bxf4 27. Ke2
Rfe8 28. Kf3 1-0

[Event "4NCL Online Division 6"]
[Site "online"]
[Date "2020.09.22"]
[Round "3.83"]
[White "Goatcher, Matthew W"]
[Black "Sarpotdar, Angad"]
[Result "1-0"]
[WhiteElo "1675"]
[BlackElo "1450"]
[PlyCount "49"]
[EventDate "2020.09.22"]
[WhiteTeam "Wells Globetrotters"]
[BlackTeam "Stroud Middles"]

1. c4 f5 2. g3 Nf6 3. Bg2 e6 4. e3 c6 5. Ne2 d5 6. cxd5 exd5 7. O-O Be7 8. a3
O-O 9. b4 Nbd7 10. Bb2 g5 11. d3 b6 12. Nd4 Nb8 13. Nd2 Qd7 14. Rc1 Bb7 15.
N2f3 h6 16. Ne5 Qd6 17. Nxf5 Qc7 18. Nxh6+ Kh7 19. Nhg4 Nxg4 20. Nxg4 Qd8 21.
Ne5 Qe8 22. e4 Bf6 23. d4 Kg7 24. exd5 cxd5 25. Rc7+ 1-0

[Event "4NCL Online Division 6"]
[Site "online"]
[Date "2020.09.22"]
[Round "3.84"]
[White "Southcott, Vince"]
[Black "Rossi, Jonathan"]
[Result "1/2-1/2"]
[WhiteElo "1345"]
[BlackElo "1502"]
[PlyCount "89"]
[EventDate "2020.09.22"]
[WhiteTeam "Stroud Middles"]
[BlackTeam "Wells Globetrotters"]

1. d4 Nf6 2. c4 e6 3. Nc3 Bb4 4. Bd2 Bxc3 5. Bxc3 d5 6. e3 O-O 7. Bd3 b6 8. b4
Nbd7 9. Nf3 c5 10. bxc5 bxc5 11. Rb1 cxd4 12. Bxd4 Qa5+ 13. Qd2 Qxd2+ 14. Nxd2
Ba6 15. O-O Ng4 16. Be2 Nge5 17. Rfc1 Rfc8 18. Bf1 dxc4 19. f4 Nd3 20. Bxd3
cxd3 21. Kf1 Nf6 22. Ke1 Rxc1+ 23. Rxc1 Bb7 24. Kf2 Ne4+ 25. Nxe4 Bxe4 26. Rd1
a5 27. Bc3 a4 28. g3 Rc8 29. Rc1 f5 30. h3 Bd5 31. a3 Bb3 32. Ke1 Bd5 33. Kd2
Be4 34. Rb1 Rc4 35. Rb6 Kf7 36. Rb8 g6 37. Rh8 h5 38. h4 e5 39. fxe5 Rc6 40.
Rb8 Ke6 41. Rb4 Ra6 42. Bd4 Rc6 43. Bc3 Ra6 44. Bd4 Rc6 45. Bc3 1/2-1/2

[Event "4NCL Online Division 6"]
[Site "online"]
[Date "2020.09.22"]
[Round "3.91"]
[White "Albu, Gheorghe"]
[Black "Heath, Chris W"]
[Result "1-0"]
[WhiteElo "2132"]
[BlackElo "1810"]
[PlyCount "71"]
[EventDate "2020.09.22"]
[WhiteTeam "Braunstone"]
[BlackTeam "Horsham 2"]

1. e4 e6 2. d4 d5 3. exd5 exd5 4. c4 Nf6 5. Nc3 c6 6. Nf3 Bf5 7. Qb3 Qb6 8. Be2
Qxb3 9. axb3 Bd6 10. O-O O-O 11. Bg5 Nbd7 12. Rfe1 h6 13. Bh4 g5 14. Bg3 Bxg3
15. hxg3 a6 16. Ne5 Rad8 17. Bd3 Bxd3 18. Nxd3 dxc4 19. bxc4 Nb6 20. b3 Nbd7
21. f3 Rfe8 22. Kf2 Kf8 23. Rxe8+ Rxe8 24. Na4 Re7 25. Nac5 Nxc5 26. Nxc5 Ne8
27. g4 Nd6 28. Nd3 f6 29. Ra5 Kf7 30. d5 cxd5 31. Rxd5 Nc8 32. Nc5 Nb6 33. Rd6
Nc8 34. Rd8 Rc7 35. Ne4 b6 36. Rxc8 1-0

[Event "4NCL Online Division 6"]
[Site "online"]
[Date "2020.09.22"]
[Round "3.92"]
[White "Trofin, Marian"]
[Black "Bingham, James T"]
[Result "1-0"]
[WhiteElo "1660"]
[BlackElo "1810"]
[PlyCount "101"]
[EventDate "2020.09.22"]
[WhiteTeam "Horsham 2"]
[BlackTeam "Braunstone"]

1. d4 Nf6 2. Nc3 g6 3. e4 d5 4. e5 Ng8 5. h3 Bg7 6. Bf4 e6 7. Nf3 Bd7 8. Be2
Ne7 9. a3 c5 10. Nb5 Bxb5 11. Bxb5+ Kf8 12. O-O Qb6 13. a4 a6 14. Be2 cxd4 15.
Nxd4 Nbc6 16. Nf3 h6 17. Rb1 Qc7 18. Re1 g5 19. Bg3 Ng6 20. Bd3 Nf4 21. c3 Nxe5
22. Bc2 f5 23. Nd4 Kf7 24. Bxf4 gxf4 25. Qh5+ Kf6 26. Qh4+ Kf7 27. Qxf4 Qd6 28.
Qh4 Ng6 29. Qh5 Rhe8 30. Nf3 Re7 31. Rbd1 Rae8 32. Nh4 Qf4 33. Nxg6 Qg5 34.
Qxg5 hxg5 35. Nxe7 Rxe7 36. f3 f4 37. Re2 e5 38. Rxd5 Ke6 39. Be4 Rc7 40. Red2
Ke7 41. Kf2 Bf6 42. Ke2 Bg7 43. Bf5 Kf6 44. Bg4 Bf8 45. Rd7 Rc4 46. Rxb7 Rxa4
47. Rb6+ Kf7 48. Rd7+ Kg8 49. Rg6+ Kh8 50. Be6 e4 51. Rg8# 1-0

[Event "4NCL Online Division 6"]
[Site "online"]
[Date "2020.09.22"]
[Round "3.93"]
[White "Abubakar, Abdi"]
[Black "Barrowclough, Richard"]
[Result "1-0"]
[WhiteElo "1765"]
[BlackElo "1547"]
[PlyCount "47"]
[EventDate "2020.09.22"]
[WhiteTeam "Braunstone"]
[BlackTeam "Horsham 2"]

1. e4 c6 2. d4 d5 3. e5 e6 4. Nf3 Ne7 5. Nc3 Ng6 6. Bd3 Nh4 7. a3 Nxg2+ 8. Ke2
Nh4 9. Qg1 Nxf3 10. Kxf3 Nd7 11. Bg5 Qb6 12. Ne2 g6 13. b3 c5 14. Be3 cxd4 15.
Bxd4 Qc7 16. Qg3 Bg7 17. Kg2 Bxe5 18. Bxe5 Qxe5 19. Nf4 Nc5 20. Rhe1 Qg7 21.
Nxd5 Nxd3 22. Nc7+ Kd7 23. Rad1 e5 24. Nxa8 1-0

[Event "4NCL Online Division 6"]
[Site "online"]
[Date "2020.09.22"]
[Round "3.94"]
[White "Turvey, Guy"]
[Black "Sumagaysay, Neil"]
[Result "1-0"]
[WhiteElo "1412"]
[BlackElo "1705"]
[PlyCount "79"]
[EventDate "2020.09.22"]
[WhiteTeam "Horsham 2"]
[BlackTeam "Braunstone"]

1. e4 e5 2. Nf3 Nc6 3. Bc4 Bc5 4. O-O Nf6 5. d4 exd4 6. e5 Ng8 7. Ng5 Nh6 8.
Re1 O-O 9. Qd3 g6 10. Qh3 Kg7 11. Qxh6+ Kxh6 12. Nxf7+ Kg7 13. Bh6+ Kg8 14.
Nxd8+ Kh8 15. Nf7+ Kg8 16. Nd6+ Kh8 17. Bxf8 cxd6 18. Bxd6 b6 19. Nd2 Na5 20.
Bd3 Bb7 21. a3 Nc6 22. Nc4 Nd8 23. b4 Bxd6 24. Nxd6 Bd5 25. Bb5 Be6 26. Ne8 Rc8
27. Rac1 Rc3 28. Red1 Nf7 29. f4 Rxa3 30. Rxd4 a6 31. Bxd7 Nd8 32. g3 a5 33.
Bxe6 Nxe6 34. Rd6 Nf8 35. Rxb6 a4 36. Ra6 Nd7 37. e6 Nc5 38. Rc6 Rc3 39. bxc5
a3 40. e7 1-0

[Event "4NCL Online Division 6"]
[Site "online"]
[Date "2020.09.22"]
[Round "3.101"]
[White "Buanne, Luca"]
[Black "Walker, David N"]
[Result "0-1"]
[WhiteElo "2005"]
[BlackElo "1900"]
[PlyCount "70"]
[EventDate "2020.09.22"]
[WhiteTeam "Battersea Juniors"]
[BlackTeam "Harborough Cuatro"]

1. e4 e6 2. d4 d5 3. Nc3 Nf6 4. Bg5 Be7 5. e5 Nfd7 6. Bxe7 Qxe7 7. f4 Nc6 8.
Qd2 Nb6 9. O-O-O a6 10. Nf3 Bd7 11. Kb1 O-O-O 12. Be2 Kb8 13. g4 g6 14. a3 Na7
15. Na2 Bb5 16. Bxb5 axb5 17. Qc3 Rc8 18. Nb4 c5 19. dxc5 Rxc5 20. Qd4 Na4 21.
Ka1 Rhc8 22. b3 Nc3 23. Rd2 Nc6 24. Nxc6+ R5xc6 25. Kb2 Ne4 26. Re2 Rc3 27. Ne1
Qc7 28. Rg1 Rc6 29. Rgg2 Nc3 30. Re3 Qa5 31. Rd3 Ra6 32. Qb4 Qxb4 33. axb4 Ra2+
34. Kc1 Ra1+ 35. Kb2 Rb1+ 0-1

[Event "4NCL Online Division 6"]
[Site "online"]
[Date "2020.09.22"]
[Round "3.102"]
[White "Thomson, John J"]
[Black "Agrawal, Shivam"]
[Result "1/2-1/2"]
[WhiteElo "1757"]
[BlackElo "1952"]
[PlyCount "93"]
[EventDate "2020.09.22"]
[WhiteTeam "Harborough Cuatro"]
[BlackTeam "Battersea Juniors"]

1. c4 c5 2. g3 g6 3. Bg2 Bg7 4. Nc3 e6 5. e3 Ne7 6. Nge2 O-O 7. O-O Nbc6 8. d4
cxd4 9. exd4 d5 10. cxd5 Nxd5 11. Nxd5 exd5 12. Be3 Be6 13. a3 Qb6 14. b4 a5
15. Qb3 Nxd4 16. Nxd4 Bxd4 17. Bxd4 Qxd4 18. bxa5 Rxa5 19. Qxb7 Rfa8 20. Rfd1
Qc3 21. Rdc1 Qf6 22. Qb4 Ra4 23. Qc3 Qe7 24. Qc5 Qxc5 25. Rxc5 Rxa3 26. Rxa3
Rxa3 27. Bxd5 Bh3 28. Rc1 h5 29. Bg2 Be6 30. h4 Ra2 31. Rd1 Kg7 32. Bd5 Rb2 33.
Bxe6 fxe6 34. Re1 Kf6 35. Re3 e5 36. Kg2 Kf5 37. Kf3 Rb4 38. Kg2 e4 39. Ra3 Rb5
40. Re3 Rb2 41. Ra3 Ke5 42. Ra5+ Kd4 43. Ra4+ Kd3 44. Ra3+ Kd4 45. Ra4+ Kd3 46.
Ra3+ Kd4 47. Ra4+ 1/2-1/2

[Event "4NCL Online Division 6"]
[Site "online"]
[Date "2020.09.22"]
[Round "3.103"]
[White "Chaban, Roxolana"]
[Black "Garland, Michael A jnr"]
[Result "0-1"]
[WhiteElo "1735"]
[BlackElo "1622"]
[PlyCount "22"]
[EventDate "2020.09.22"]
[WhiteTeam "Battersea Juniors"]
[BlackTeam "Harborough Cuatro"]

1. e4 e5 2. Nf3 Nf6 3. Nxe5 Nc6 4. Nxc6 dxc6 5. d3 Bc5 6. Be2 h5 7. h3 Qd4 8.
O-O Ng4 9. hxg4 hxg4 10. Bxg4 Qe5 11. g3 Qxg3# 0-1

[Event "4NCL Online Division 6"]
[Site "online"]
[Date "2020.09.22"]
[Round "3.104"]
[White "Redding, Jonathan"]
[Black "Steiners, Emils"]
[Result "1-0"]
[WhiteElo "1337"]
[BlackElo "1442"]
[PlyCount "117"]
[EventDate "2020.09.22"]
[WhiteTeam "Harborough Cuatro"]
[BlackTeam "Battersea Juniors"]

1. d4 d5 2. Bf4 Nf6 3. Nc3 e6 4. e3 Be7 5. Nf3 O-O 6. Bd3 b6 7. Ne5 Bb7 8. g4
Nbd7 9. g5 Ne8 10. h4 Nxe5 11. Bxe5 Bd6 12. Qh5 g6 13. Qh6 Bxe5 14. dxe5 d4 15.
Ne4 Bxe4 16. Bxe4 Ng7 17. h5 Nf5 18. Bxf5 gxf5 19. g6 fxg6 20. hxg6 Qe7 21.
O-O-O Qg7 22. Rdg1 Qxh6 23. Rxh6 hxg6 24. Rgxg6+ Kf7 25. Rf6+ Kg7 26. Rhg6+ Kh8
27. Rxf8+ Rxf8 28. Rxe6 dxe3 29. fxe3 Kh7 30. Re7+ Kg6 31. Rxc7 Re8 32. Rc6+
Kg5 33. e6 Kf6 34. Kd2 Rxe6 35. Rxe6+ Kxe6 36. Kd3 Kd5 37. b4 b5 38. c3 Ke5 39.
a3 Kd5 40. a4 a6 41. axb5 axb5 42. c4+ bxc4+ 43. Kc3 Ke4 44. b5 Kxe3 45. b6 f4
46. b7 f3 47. b8=Q f2 48. Qg3+ Ke2 49. Qg2 Ke1 50. Kc2 c3 51. Kxc3 Ke2 52. Qg4+
Ke1 53. Qe4+ Kd1 54. Qe3 f1=N 55. Qf3+ Ke1 56. Kd3 Ng3 57. Qxg3+ Kf1 58. Qh2
Ke1 59. Qe2# 1-0

[Event "4NCL Online Division 6"]
[Site "online"]
[Date "2020.09.22"]
[Round "3.111"]
[White "Morgan, Philip D"]
[Black "Wilson, Matthew R"]
[Result "0-1"]
[WhiteElo "1787"]
[BlackElo "1758"]
[PlyCount "94"]
[EventDate "2020.09.22"]
[WhiteTeam "Ashfield Anonymous C"]
[BlackTeam "Wolfpack"]

1. e4 e5 2. Bc4 Nf6 3. d3 c6 4. Nf3 d5 5. Bb3 Bb4+ 6. Bd2 Bxd2+ 7. Qxd2 O-O 8.
Nxe5 Qe7 9. f4 dxe4 10. O-O exd3 11. Nxd3 Rd8 12. Qe1 Qd6 13. Qe5 Qf8 14. Nc3
Nbd7 15. Qg5 h6 16. Qh4 Nc5 17. Bxf7+ Kxf7 18. Ne5+ Kg8 19. Rfe1 Bf5 20. Re2
Nce4 21. Nxe4 Nxe4 22. Nd3 Qf6 23. Qe1 Qd4+ 24. Kf1 Nf6 25. Qg3 Bxd3 26. cxd3
Qxd3 27. Qxd3 Rxd3 28. Re7 Rd7 29. Rae1 Rad8 30. h3 Rxe7 31. Rxe7 Rd7 32. Re2
Kf7 33. Kf2 Nd5 34. g3 Re7 35. Rd2 h5 36. a3 a5 37. Rd3 a4 38. Rd4 b5 39. Rd3
Rd7 40. Rd2 Nb6 41. Rc2 Nc4 42. Ke2 Re7+ 43. Kf2 Kf6 44. h4 Kf5 45. Rc3 Rd7 46.
Rc2 Rd2+ 47. Rxd2 Nxd2 0-1

[Event "4NCL Online Division 6"]
[Site "online"]
[Date "2020.09.22"]
[Round "3.112"]
[White "Hayden, Luke"]
[Black "Graham, Neil"]
[Result "1/2-1/2"]
[WhiteElo "1581"]
[BlackElo "1847"]
[PlyCount "28"]
[EventDate "2020.09.22"]
[WhiteTeam "Wolfpack"]
[BlackTeam "Ashfield Anonymous C"]

1. e4 e5 2. d4 exd4 3. Nf3 Bb4+ 4. c3 dxc3 5. bxc3 Be7 6. Bc4 d5 7. Qxd5 Qxd5
8. exd5 Nf6 9. O-O O-O 10. Bb3 Bg4 11. Nbd2 Nbd7 12. Bb2 Nc5 13. c4 Nd3 14. Bd4
Nf4 1/2-1/2

[Event "4NCL Online Division 6"]
[Site "online"]
[Date "2020.09.22"]
[Round "3.113"]
[White "Pettinger, Martin"]
[Black "Bloom, Paul"]
[Result "1-0"]
[WhiteElo "1727"]
[BlackElo "1525"]
[PlyCount "83"]
[EventDate "2020.09.22"]
[WhiteTeam "Ashfield Anonymous C"]
[BlackTeam "Wolfpack"]

1. Nf3 Nf6 2. g3 d6 3. Bg2 Nc6 4. O-O g6 5. d4 Bg7 6. c4 Bf5 7. Nc3 O-O 8. b3
Ne4 9. Bb2 Nxc3 10. Bxc3 Rb8 11. Nh4 Bd7 12. Qd2 e5 13. dxe5 Nxe5 14. Qb2 f6
15. Bd5+ Kh8 16. Ng2 c6 17. Be4 Qe7 18. Bc2 b5 19. cxb5 Rxb5 20. Rad1 Bh3 21.
Rfe1 Nc4 22. Qc1 Ne5 23. Nf4 Bf5 24. Bxf5 gxf5 25. Nh5 Rg8 26. Nxg7 Rxg7 27.
Bxe5 Rxe5 28. Qxc6 Rxe2 29. Rxe2 Qxe2 30. Qxd6 Qb2 31. Qb8+ Rg8 32. Qxa7 f4 33.
Qd4 Qxd4 34. Rxd4 fxg3 35. fxg3 Ra8 36. a4 Ra5 37. Rd7 Re5 38. b4 Re4 39. Rb7
f5 40. a5 f4 41. a6 f3 42. a7 1-0

[Event "4NCL Online Division 6"]
[Site "online"]
[Date "2020.09.22"]
[Round "3.114"]
[White "Gliddon, Daniel J"]
[Black "Taylor, Robert P"]
[Result "1/2-1/2"]
[WhiteElo "1509"]
[BlackElo "1735"]
[PlyCount "51"]
[EventDate "2020.09.22"]
[WhiteTeam "Wolfpack"]
[BlackTeam "Ashfield Anonymous C"]

1. e4 Nc6 2. d4 d5 3. Nc3 dxe4 4. d5 Ne5 5. Nxe4 e6 6. Bf4 Ng6 7. Bb5+ Bd7 8.
Bxd7+ Qxd7 9. Ne2 exd5 10. N4c3 c6 11. O-O Nf6 12. Re1 Be7 13. Qd2 O-O 14. Rad1
Rad8 15. Nd4 Bc5 16. Bg5 Be7 17. Nf3 Rde8 18. Re2 Bd6 19. Bxf6 gxf6 20. Rde1
Rxe2 21. Rxe2 Bf4 22. Qd4 Be5 23. Nxe5 fxe5 24. Qxa7 e4 25. Qd4 Qf5 26. Nd1
1/2-1/2

[Event "4NCL Online Division 6"]
[Site "online"]
[Date "2020.09.22"]
[Round "3.121"]
[White "Grose, Kameron"]
[Black "Gardner, Phillip K"]
[Result "0-1"]
[WhiteElo "1630"]
[BlackElo "1862"]
[PlyCount "84"]
[EventDate "2020.09.22"]
[WhiteTeam "Barnet Knights C"]
[BlackTeam "Deaf England"]

1. c4 c5 2. g3 g6 3. Bg2 Bg7 4. e3 e5 5. Ne2 Nc6 6. Nbc3 Nge7 7. O-O O-O 8. d3
d6 9. Bd2 Rb8 10. a4 Be6 11. Nd5 f5 12. Bc3 a5 13. f4 Nb4 14. Bxb4 cxb4 15. Rb1
Nxd5 16. cxd5 Bd7 17. e4 b5 18. axb5 Qb6+ 19. Kh1 Qxb5 20. Qd2 Rbc8 21. Rbc1
Qa6 22. Rfd1 Ba4 23. Re1 Bb5 24. Red1 Bh6 25. b3 Kg7 26. Rc2 Rf7 27. Nc1 fxe4
28. dxe4 Rxc2 29. Qxc2 exf4 30. Qb2+ Kg8 31. Bh3 Bd7 32. Bxd7 Rxd7 33. gxf4
Bxf4 34. Qf6 Be5 35. Qe6+ Rf7 36. Nd3 Kg7 37. Nxe5 Rf1+ 38. Kg2 Qe2+ 39. Kg3
Qe3+ 40. Kg2 Rf2+ 41. Kg1 Rd2+ 42. Kf1 Qf2# 0-1

[Event "4NCL Online Division 6"]
[Site "online"]
[Date "2020.09.22"]
[Round "3.122"]
[White "MacLeod, Alasdair"]
[Black "Sarkar, Rian"]
[Result "1-0"]
[WhiteElo "1832"]
[BlackElo "1600"]
[PlyCount "131"]
[EventDate "2020.09.22"]
[WhiteTeam "Deaf England"]
[BlackTeam "Barnet Knights C"]

1. e4 c5 2. Nf3 e6 3. d4 cxd4 4. Nxd4 a6 5. Nc3 Qc7 6. Be3 b5 7. a3 Bb7 8. f3
Nf6 9. g4 d6 10. Be2 Be7 11. Qd2 Nfd7 12. h4 Nb6 13. g5 N8d7 14. h5 d5 15. Kf2
e5 16. exd5 exd4 17. Bxd4 Bc5 18. Rae1 O-O-O 19. Bxb5 Bxd4+ 20. Qxd4 axb5 21.
Nxb5 Qc5 22. Qxc5+ Nxc5 23. b4 Na6 24. c4 Kb8 25. Rc1 Nc7 26. Nd4 Rhe8 27. Nf5
g6 28. Nh6 Rf8 29. Ng4 Nd7 30. a4 f5 31. Ne3 Na6 32. Rb1 f4 33. Ng4 Nb6 34. c5
Nxd5 35. c6 Ndxb4 36. cxb7 Kxb7 37. hxg6 hxg6 38. Rh7+ Ka8 39. Kg2 Rd2+ 40. Kh3
Ra2 41. Nf6 Ra3 42. Kg4 Rc3 43. Rg7 Rb8 44. Re1 Re3 45. Rh1 Nd3 46. Rhh7 Rb6
47. Nd5 Rbe6 48. Rh8+ Re8 49. Rxe8+ Rxe8 50. Rxg6 Nac5 51. Nc7+ Kb7 52. Nxe8
Nxa4 53. Re6 Nac5 54. Re7+ Kc6 55. g6 Nd7 56. g7 Nf6+ 57. Nxf6 Nf2+ 58. Kxf4
Nh3+ 59. Kg3 Ng5 60. g8=Q Kd6 61. Rd7+ Kc6 62. Qd5+ Kb6 63. Rd6+ Kc7 64. Qc5+
Kb7 65. Rb6+ Ka8 66. Qa5# 1-0

[Event "4NCL Online Division 6"]
[Site "online"]
[Date "2020.09.22"]
[Round "3.123"]
[White "Gardner, Tim"]
[Black "Dwek, Ilan G"]
[Result "1/2-1/2"]
[WhiteElo "1600"]
[BlackElo "1675"]
[PlyCount "93"]
[EventDate "2020.09.22"]
[WhiteTeam "Barnet Knights C"]
[BlackTeam "Deaf England"]

1. e4 c6 2. d4 d5 3. e5 Bf5 4. Nf3 e6 5. c4 Nd7 6. cxd5 cxd5 7. Be2 Bb4+ 8. Nc3
Ne7 9. Qb3 Bxc3+ 10. bxc3 Qc7 11. Ba3 Qb6 12. Bb5 Nc6 13. O-O a6 14. Bxc6 bxc6
15. Qb4 Qxb4 16. Bxb4 Nb6 17. Nd2 Kd7 18. Rfc1 a5 19. Ba3 Bd3 20. Nb3 Bc4 21.
Nc5+ Kc7 22. Rcb1 Rhb8 23. Bc1 Nd7 24. Rxb8 Nxb8 25. Rb1 Ra7 26. a3 Na6 27.
Nxa6+ Rxa6 28. Bg5 Ra7 29. f3 Kc8 30. h4 Rb7 31. Rxb7 Kxb7 32. g4 g6 33. Kf2 a4
34. Bd2 Kb6 35. f4 c5 36. Be3 cxd4 37. Bxd4+ Kc6 38. Ke3 Kd7 39. Bc5 Kc6 40.
Bd4 Kd7 41. g5 Kc6 42. Ba7 Kb7 43. Bc5 Kc6 44. Bb4 Bb3 45. Kd4 Bc4 46. Be7 Bb3
47. Bb4 1/2-1/2

[Event "4NCL Online Division 6"]
[Site "online"]
[Date "2020.09.22"]
[Round "3.124"]
[White "Masterson, Desmond"]
[Black "Angelopoulos, Andreas"]
[Result "1-0"]
[WhiteElo "992"]
[BlackElo "1540"]
[PlyCount "29"]
[EventDate "2020.09.22"]
[WhiteTeam "Deaf England"]
[BlackTeam "Barnet Knights C"]

1. e4 e5 2. Nf3 Nc6 3. d4 d5 4. exd5 Qxd5 5. Nc3 Qd6 6. d5 Bf5 7. dxc6 bxc6 8.
Qxd6 Bxd6 9. Bd3 e4 10. Bxe4 Bxe4 11. Nxe4 O-O-O 12. Nxd6+ Rxd6 13. O-O Nf6 14.
Ne5 c5 15. Nxf7 1-0

[Event "4NCL Online Division 6"]
[Site "online"]
[Date "2020.09.22"]
[Round "3.131"]
[White "Wilson, Andrew B"]
[Black "White, David"]
[Result "0-1"]
[WhiteElo "1675"]
[BlackElo "1810"]
[PlyCount "104"]
[EventDate "2020.09.22"]
[WhiteTeam "Ashby Ivanhoe"]
[BlackTeam "Welwyn Hatfield"]

1. d4 Nf6 2. Bf4 d5 3. e3 c5 4. Bd3 Qb6 5. Nc3 a6 6. dxc5 Qxc5 7. h3 Nc6 8. Nf3
e6 9. a3 Be7 10. O-O O-O 11. Re1 b5 12. Qd2 Bb7 13. Ne2 Rac8 14. c3 Rfd8 15.
Rac1 Qb6 16. Bb1 a5 17. Ned4 b4 18. Nxc6 Bxc6 19. axb4 axb4 20. Be5 bxc3 21.
bxc3 Bb7 22. Qc2 g6 23. Qd3 Ba6 24. Qd4 Qxd4 25. cxd4 Nd7 26. Bc7 Rf8 27. Ne5
Nxe5 28. Bxe5 Bc4 29. Red1 Ba3 30. Rc2 Ra8 31. Rcd2 Rfc8 32. Rc2 Rc6 33. Kh2
Rac8 34. Ba2 Be7 35. Rb2 f6 36. Bg3 Ba3 37. Rc2 Kf7 38. Ra1 Be7 39. Rb1 Ke8 40.
Rb8 Rxb8 41. Bxb8 Kd7 42. Bg3 Bd6 43. f3 e5 44. Kg1 exd4 45. Bxd6 d3 46. Rd2
Kxd6 47. e4 Bxa2 48. Rxa2 dxe4 49. fxe4 Ke5 50. Rd2 Kxe4 51. Kh2 Ke3 52. Rd1 d2
0-1

[Event "4NCL Online Division 6"]
[Site "online"]
[Date "2020.09.22"]
[Round "3.132"]
[White "Roderick, Andrew"]
[Black "Hayden, Lawrence F"]
[Result "1-0"]
[WhiteElo "1787"]
[BlackElo "1652"]
[PlyCount "39"]
[EventDate "2020.09.22"]
[WhiteTeam "Welwyn Hatfield"]
[BlackTeam "Ashby Ivanhoe"]

1. e4 e5 2. Nc3 Nf6 3. f4 d5 4. fxe5 Nxe4 5. d3 Nxc3 6. bxc3 d4 7. Bd2 Nc6 8.
Nf3 Bg4 9. Be2 dxc3 10. Bxc3 Bc5 11. Qd2 Bxf3 12. Bxf3 Bd4 13. Bxc6+ bxc6 14.
Rb1 O-O 15. Kd1 Qd5 16. Bxd4 Qxd4 17. Re1 Rab8 18. Rxb8 Rxb8 19. c3 Rb1+ 20.
Kc2 1-0

[Event "4NCL Online Division 6"]
[Site "online"]
[Date "2020.09.22"]
[Round "3.133"]
[White "Wyld, Nick M"]
[Black "Elder, Kidge"]
[Result "0-1"]
[WhiteElo "1450"]
[BlackElo "1615"]
[PlyCount "52"]
[EventDate "2020.09.22"]
[WhiteTeam "Ashby Ivanhoe"]
[BlackTeam "Welwyn Hatfield"]

1. e4 c5 2. Nf3 Nc6 3. d4 cxd4 4. Nxd4 g6 5. Nxc6 bxc6 6. Bc4 Bg7 7. Qf3 e6 8.
Nc3 d5 9. exd5 exd5 10. Bd3 Be6 11. O-O Ne7 12. Rb1 O-O 13. Ne2 Nf5 14. Nf4 Nd4
15. Qe3 Bf5 16. Bxf5 Nxf5 17. Qa3 Nd6 18. Be3 Nc4 19. Qc5 Qd7 20. c3 Rfe8 21.
Rfe1 Re4 22. f3 Bf8 23. Qxf8+ Kxf8 24. Bc5+ Kg8 25. fxe4 dxe4 26. Rbd1 Qf5 0-1

[Event "4NCL Online Division 6"]
[Site "online"]
[Date "2020.09.22"]
[Round "3.134"]
[White "Ruddick, Gary J"]
[Black "Roberts, Neil J"]
[Result "1-0"]
[WhiteElo "1495"]
[BlackElo "1382"]
[PlyCount "56"]
[EventDate "2020.09.22"]
[WhiteTeam "Welwyn Hatfield"]
[BlackTeam "Ashby Ivanhoe"]

1. e4 c5 2. d4 cxd4 3. c3 dxc3 4. Nxc3 Nc6 5. Bc4 e6 6. Nf3 d6 7. O-O a6 8. Qe2
Bd7 9. Rd1 b5 10. Bb3 Nf6 11. Bf4 Bc8 12. Ne5 Nxe5 13. Bxe5 Be7 14. Bxd6 Bxd6
15. e5 Nd5 16. exd6 O-O 17. Nxd5 Bb7 18. Nc7 Qg5 19. f3 Rac8 20. Nxe6 Rce8 21.
Nxg5 Rxe2 22. d7 Rd8 23. Nxf7 Kf8 24. Nxd8 Ba8 25. Re1 Re7 26. Ne6+ Rxe6 27.
Rxe6 Kf7 28. d8=Q Bxf3 1-0

[Event "4NCL Online Division 6"]
[Site "online"]
[Date "2020.09.22"]
[Round "3.141"]
[White "Trudeau, Gary"]
[Black "Williams, Duncan"]
[Result "0-1"]
[WhiteElo "1780"]
[BlackElo "1847"]
[PlyCount "62"]
[EventDate "2020.09.22"]
[WhiteTeam "Calstock Killers"]
[BlackTeam "Morriston Benko"]

1. e4 e5 2. Nf3 Nc6 3. Bb5 a6 4. Ba4 Nf6 5. O-O Be7 6. Re1 b5 7. Bb3 O-O 8. d4
Nxd4 9. Nxe5 Nxb3 10. axb3 Bb7 11. Nc3 d6 12. Nf3 Ng4 13. h3 Ne5 14. Nd4 Re8
15. f4 Nc6 16. Nf5 Bf8 17. Qg4 Re6 18. Nd5 g6 19. Bd2 Ne7 20. Nd4 Bxd5 21. Nxe6
Bxe6 22. f5 Bd7 23. Qg5 Nc6 24. f6 Ne5 25. Bc3 Qe8 26. Kh2 Qe6 27. Rad1 Re8 28.
Ra1 Bc8 29. Rad1 c5 30. Qf4 b4 31. Bd2 Nd7 0-1

[Event "4NCL Online Division 6"]
[Site "online"]
[Date "2020.09.22"]
[Round "3.142"]
[White "Smith, Andrew R"]
[Black "Kirkman, Nigel J"]
[Result "1/2-1/2"]
[WhiteElo "1692"]
[BlackElo "1772"]
[PlyCount "94"]
[EventDate "2020.09.22"]
[WhiteTeam "Morriston Benko"]
[BlackTeam "Calstock Killers"]

1. e4 e6 2. d4 d5 3. exd5 exd5 4. Bd3 Nc6 5. Nf3 Bg4 6. c3 Nf6 7. O-O Be7 8.
Bf4 h6 9. h3 Bh5 10. Nbd2 Qd7 11. a4 O-O-O 12. a5 g5 13. Bg3 g4 14. hxg4 Bxg4
15. b4 Bxb4 16. cxb4 Nxd4 17. Qc1 Bxf3 18. Nxf3 Nxf3+ 19. gxf3 Rdg8 20. Qf4 Nh5
21. Qh4 Rg5 22. Kh2 Nxg3 23. fxg3 f5 24. Rfe1 Qf7 25. Qf4 Rhg8 26. Rg1 Qh5+ 27.
Qh4 Qxf3 28. Qf4 Qxd3 29. Rac1 Qe2+ 30. Rg2 Qh5+ 31. Kg1 Qf7 32. b5 Qe7 33. b6
axb6 34. axb6 c6 35. Ra1 Qc5+ 36. Kh1 Qxb6 37. Re2 R8g7 38. Qd6 Rh5+ 39. Kg2
Rxg3+ 40. Kxg3 Qb3+ 41. Kf2 Qb6+ 42. Re3 Qb2+ 43. Re2 Qd4+ 44. Re3 Qd2+ 45. Re2
Qd4+ 46. Re3 Qd2+ 47. Re2 Qd4+ 1/2-1/2